Główni importerzy produktów rolno-spożywczych do Polski - Statystyki

Ogólne statystyki
  • Ten quiz został rozwiązany 21 razy
  • Średni wynik to 6 z 9
Statystyki odpowiedzi
Wartość w mld euro Państwo % Poprawnych
6,5 Niemcy
100%
1,24 Francja
95%
1,91 Hiszpania
95%
1,79 Włochy
95%
1,72 Dania
79%
1,57 Ukraina
79%
1,27 Belgia
68%
1,69 Norwegia
32%
2,72 Niderlandy
5%
Nie znaleziono quizów pasujących do podanych kryteriów
Rozkład punktacji
Procent ludzi z każdym wynikiem
Percentyl według liczby udzielonych odpowiedzi
Twoja historia wyników
Nie rozwiązałeś tego quizu